Hướng về trẻ em năm 2000

Sách cung cấp những thông tin cần thiết các chương trình hành động "Hướng về trẻ em năm 2000", tập trung giải quyết những vấn đề trọng điểm của các trẻ em có hoàn cảnh đặc biệt như trẻ lang thang, lao động sớm, bị bóc lột sức lao...

Fuld beskrivelse

Đã lưu trong:
Bibliografiske detaljer
Hovedforfatter: ủy Ban Chăm sóc và bảo vệ trẻ em Tp. HCM.
Format: Bog
Sprog:Undetermined
Udgivet: Tp. HCM Nxb. Tp. HCM 2000
Fag:
Tags: Tilføj Tag
Ingen Tags, Vær først til at tagge denne postø!
Thư viện lưu trữ: Trung tâm Học liệu Trường Đại học Cần Thơ
LEADER 01131nam a2200205Ia 4500
001 CTU_40288
008 210402s9999 xx 000 0 und d
020 |b 95.000đ 
082 |a 305.23 
082 |b H561 
100 |a ủy Ban Chăm sóc và bảo vệ trẻ em Tp. HCM. 
245 0 |a Hướng về trẻ em năm 2000 
245 0 |c ủy Ban Chăm sóc và bảo vệ trẻ em Tp. HCM. 
260 |a Tp. HCM 
260 |b Nxb. Tp. HCM 
260 |c 2000 
520 |a Sách cung cấp những thông tin cần thiết các chương trình hành động "Hướng về trẻ em năm 2000", tập trung giải quyết những vấn đề trọng điểm của các trẻ em có hoàn cảnh đặc biệt như trẻ lang thang, lao động sớm, bị bóc lột sức lao động, bị lạm dụng tình dục, nghiện ma túy, vi phạm pháp luật... 
650 |a child welfare,children - social conditions,social work with children,social work with youth 
904 |i Minh, 010226 
980 |a Trung tâm Học liệu Trường Đại học Cần Thơ